header

5th international symposium on high temperature metallurgical processing : (Record no. 92460)

MARC details
000 -LEADER
fixed length control field 02408nam a2200421 i 4500
001 - CONTROL NUMBER
control field ebr10833793
003 - CONTROL NUMBER IDENTIFIER
control field CaPaEBR
006 - FIXED-LENGTH DATA ELEMENTS--ADDITIONAL MATERIAL CHARACTERISTICS--GENERAL INFORMATION
fixed length control field m o d
007 - PHYSICAL DESCRIPTION FIXED FIELD--GENERAL INFORMATION
fixed length control field cr cn|||||||||
008 - FIXED-LENGTH DATA ELEMENTS--GENERAL INFORMATION
fixed length control field 140215t20142014njua ob 001 0 eng d
020 ## - INTERNATIONAL STANDARD BOOK NUMBER
Cancelled/invalid ISBN 9781118888117
International Standard Book Number 9781118888155 (e-book)
040 ## - CATALOGING SOURCE
Original cataloging agency CaPaEBR
Language of cataloging eng
Description conventions rda
-- pn
Transcribing agency CaPaEBR
035 ## - SYSTEM CONTROL NUMBER
System control number (OCoLC)870086750
050 14 - LIBRARY OF CONGRESS CALL NUMBER
Classification number TA418.24
Item number .I584 2014eb
082 04 - DEWEY DECIMAL CLASSIFICATION NUMBER
Classification number 620.11217
Edition number 23
110 2# - MAIN ENTRY--CORPORATE NAME
Corporate name or jurisdiction name as entry element Minerals, Metals and Materials Society.
245 10 - TITLE STATEMENT
Title 5th international symposium on high temperature metallurgical processing :
Remainder of title proceedings of a symposium sponsored by The Minerals, Metals & Materials Society (TMS) held during TMS 2014, 143rd Annual Meeting & Exhibition, San Diego Convention Center, San Diego, California, USA /
Statement of responsibility, etc edited by Tao Jiang [and six others] ; Minerals, Metals and Materials Society.
264 #1 - PRODUCTION, PUBLICATION, DISTRIBUTION, MANUFACTURE, AND COPYRIGHT NOTICE
Place of production, publication, distribution, manufacture New Jersey :
Name of producer, publisher, distributor, manufacturer John Wiley & Sons, Inc.,
Date of production, publication, distribution, manufacture, or copyright notice 2014.
Date of production, publication, distribution, manufacture, or copyright notice �2014
300 ## - PHYSICAL DESCRIPTION
Extent 1 online resource (672 pages) :
Other physical details illustrations
336 ## - CONTENT TYPE
Content type term text
Source rdacontent
337 ## - MEDIA TYPE
Media type term computer
Source rdamedia
338 ## - CARRIER TYPE
Carrier type term online resource
Source rdacarrier
504 ## - BIBLIOGRAPHY, ETC. NOTE
Bibliography, etc Includes bibliographical references at the end of each chapters and indexes.
588 ## - SOURCE OF DESCRIPTION NOTE
Source of description note Description based on online resource; title from PDF title page (ebrary, viewed February 13, 2014).
590 ## - LOCAL NOTE (RLIN)
Local note Electronic reproduction. Palo Alto, Calif. : ebrary, 2015. Available via World Wide Web. Access may be limited to ebrary affiliated libraries.
650 #0 - SUBJECT ADDED ENTRY--TOPICAL TERM
Topical term or geographic name as entry element Materials at high temperatures
Form subdivision Congresses.
Topical term or geographic name as entry element High temperature superconductors.
Topical term or geographic name as entry element Metals
General subdivision Effect of high temperatures on
Form subdivision Congresses.
Topical term or geographic name as entry element Light metals
General subdivision Metallurgy
Form subdivision Congresses.
Topical term or geographic name as entry element Alloys
Form subdivision Congresses.
655 #0 - INDEX TERM--GENRE/FORM
Genre/form data or focus term Electronic books.
700 1# - ADDED ENTRY--PERSONAL NAME
Personal name Jiang, Tao.
776 08 - ADDITIONAL PHYSICAL FORM ENTRY
Display text Print version:
Main entry heading Minerals, Metals and Materials Society.
Title 5th international symposium on high temperature metallurgical processing : proceedings of a symposium sponsored by The Minerals, Metals & Materials Society (TMS) held during TMS 2014, 143rd Annual Meeting & Exhibition, San Diego Convention Center, San Diego, California, USA.
Place, publisher, and date of publication New Jersey : John Wiley & Sons, Inc., c2014
Physical description xviii, 652 pages
International Standard Book Number 9781118888117
797 2# - LOCAL ADDED ENTRY--CORPORATE NAME (RLIN)
Corporate name or jurisdiction name as entry element ebrary.
856 40 - ELECTRONIC LOCATION AND ACCESS
Uniform Resource Identifier <a href="http://site.ebrary.com/lib/rucke/Doc?id=10833793">http://site.ebrary.com/lib/rucke/Doc?id=10833793</a>
Public note An electronic book accessible through the World Wide Web; click to view

No items available.

© 2026 Rongo University
Contact us: librarian | system librarian | Rongo university